Congrès international des sociétés des amis de la paix tenu à Paris les 26, 27, 28 et 30 septembre et le 1er octobre 1878 (Record no. 186832)

MARC details
000 -LEADER
campo de control de longitud fija 01235nam a2200241 i 4500
001 - NÚMERO DE CONTROL
campo de control 186832
003 - IDENTIFICADOR DE NÚMERO DE CONTROL
campo de control ES-MaACL
005 - FECHA Y HORA DE LA ÚLTIMA TRANSACCIÓN
campo de control 20230906222743.0
007 - CAMPO FIJO DE DESCRIPCIÓN FÍSICA--INFORMACIÓN GENERAL
campo de control de longitud fija t|
008 - DATOS DE LONGITUD FIJA--INFORMACIÓN GENERAL
campo de control de longitud fija 170221s1880 fr ||||1| fre d
111 2# - ENTRADA PRINCIPAL--NOMBRE DE CONGRESO/REUNIÓN
Nombre de congreso/reunión o jurisdicción como elemento de entrada Congrès International des Sociétés des Amis de la Paix (
Fecha del congreso o de la firma del tratado 1878.
Sede del congreso/Lugar de la reunión Paris)
9 (RLIN) 161836
245 10 - MENCIÓN DEL TÍTULO
Título Congrès international des sociétés des amis de la paix tenu à Paris les 26, 27, 28 et 30 septembre et le 1er octobre 1878
Resto del título : comptes rendus sténographiques publiés sous les auspices du Comité Central des Congrès et Confèrences et la direction de Ch. Thirion.
260 ## - PUBLICACIÓN, DISTRIBUCIÓN, ETC.
Lugar de publicación, distribución, etc. Paris :
Nombre del editor, distribuidor, etc. Imprimeria Nationale,
Fecha de publicación, distribución, etc. 1880.
300 ## - DESCRIPCIÓN FÍSICA
Extensión 158 p. ;
Dimensiones 24 cm.
490 1# - MENCIÓN DE SERIE
Mención de serie Congrès et conférences du Palais du Trocadéro ;
Designación de volumen o secuencia 30
500 ## - NOTA GENERAL
Nota general Precede al tít.: Ministère de l'Agriculture et du Commerce, Exposition Universelle International de 1878, à Paris.
650 #4 - PUNTO DE ACCESO ADICIONAL DE MATERIA--TÉRMINO DE MATERIA
Término de materia o nombre geográfico como elemento de entrada Mediación internacional-
Subdivisión de forma Congresos y asambleas.
9 (RLIN) 161838
650 #4 - PUNTO DE ACCESO ADICIONAL DE MATERIA--TÉRMINO DE MATERIA
Término de materia o nombre geográfico como elemento de entrada Guerra (Derecho internacional)-
Subdivisión de forma Congresos y asambleas.
9 (RLIN) 161839
711 2# - ENTRADA AGREGADA--NOMBRE DE REUNIÓN
Nombre de congreso/reunión o jurisdicción como elemento de entrada Exposition Universelle (
Fecha del congreso o de la firma del tratado 1878.
Sede del congreso/Lugar de la reunión Paris)
9 (RLIN) 135143
830 0# - PUNTO DE ACCESO ADICIONAL DE SERIE-TÍTULO UNIFORME
Título uniforme Congrès et conférences du Palais du Trocadéro ;
Designación de volumen o secuencia 30
9 (RLIN) 192600
852 ## - LOCALIZACIÓN
Ubicación ES-MaACL
Número de control de estantería G-1757(1)
Holdings
Estatus retirado Estado de pérdida Estado de daño No para préstamo Colección Biblioteca de origen Biblioteca actual Ubicación en estantería Fecha de adquisición Fuente de adquisición Total de préstamos Signatura topográfica completa Código de barras Visto por última vez Precio de reemplazo Tipo de ítem Koha
        Libros del s. XIX Biblioteca del Ateneo de Madrid Biblioteca del Ateneo de Madrid Depósito 2 21/02/2017     G-1757(1) 1197072 23/02/2023 23/02/2023 Libro impreso antiguo